| Tag |
First Indicator |
Second Indicator |
Subfields |
| LEADER |
00000cam a2200000 4500 |
| 001 |
in00000030491 |
| 005 |
20151007061620.0 |
| 008 |
720608s1962 ilua b 00000 eng u |
| 010 |
|
|
|a 62019626
|
| 035 |
|
|
|a (OCoLC)00327692
|
| 035 |
|
|
|9 AAD2586AM
|
| 040 |
|
|
|c OUN
|d TXA
|d UtOrBLW
|
| 049 |
|
|
|a TXAM
|c [352765]
|
| 050 |
|
0 |
|a ML3561.J3
|b L46
|
| 082 |
0 |
|
|a 781.57
|
| 092 |
|
|
|a 781.57
|b L581i
|
| 100 |
1 |
|
|a Leonard, Neil.
|
| 245 |
1 |
0 |
|a Jazz and the white Americans ;
|b the acceptance of a new art form.
|
| 264 |
|
1 |
|a [Chicago] :
|b University of Chicago Press,
|c [1962]
|
| 300 |
|
|
|a 215 pages :
|b illustrations ;
|c 23 cm.
|
| 336 |
|
|
|a text
|b txt
|2 rdacontent
|
| 337 |
|
|
|a unmediated
|b n
|2 rdamedia
|
| 338 |
|
|
|a volume
|b nc
|2 rdacarrier
|
| 504 |
|
|
|a Includes bibliography.
|
| 650 |
|
0 |
|a Jazz.
|
| 999 |
|
|
|a MARS
|
| 999 |
f |
f |
|s 1dc31749-ff63-3565-b267-22d906211af6
|i 9f098dc4-bb34-3cc5-b91d-e43826c683d1
|t 0
|
| 952 |
f |
f |
|p normal
|a Texas A&M University
|b College Station
|c Sterling C. Evans Library
|d Evans: Library Stacks
|t 0
|e ML3561.J3 L46
|h Library of Congress classification
|i unmediated -- volume
|m A14801169799
|
| 998 |
f |
f |
|a ML3561.J3 L46
|t 0
|l Evans: Library Stacks
|